00606nam a2200205Ia 4500008004100000050001200041050001500053100002600068245008300094245002600177260003100203260001000234260001000244300001600254300002600270300001100296500005600307650001500363650002200378150520s9999 xx 000 0 und d aHF 5410 b.B215 2015 aBanez, Seth Howell T. aEquipment preparation management and purchase order system for robustan Inc. / cSeth Howell T. Banez. aLas Piñas, Philippines : bSISC, c2015. a118 pages : bcolor illustrations ; c28 cm. aIncludes bibliographical references and appendices. aPurchasing xManagement System